| 000 | 01656nam0a2200361 4500 | ||
|---|---|---|---|
| 001 | RU\NLR\bibl\296831 | ||
| 005 | 20250620143957.0 | ||
| 010 |
_a5-8125-0168-8 _9700 |
||
| 021 |
_aRU _b2002-18162 _9912 |
||
| 035 | _a(NLR Aleph) 000292144 | ||
| 090 |
_a1710753 _c1710753 |
||
| 100 | _a20020806d2001 |||y0rusy50 ca | ||
| 101 | 0 | _arus | |
| 102 | _aRU | ||
| 105 | _aa ||||||||| | ||
| 200 | 1 |
_aВойна в Корее 1950-1953 гг.: взгляд через 50 лет _eМатериалы междунар. науч.-теорет. конф. (Москва, 23 июня 2000 г.) _f[ Ред. совет: Ю. В. Ванин и др.] |
|
| 210 |
_aМ. _cРОО<Первое Марта> _d2001 |
||
| 215 |
_a347 с., [4] л. ил. _d20 |
||
| 300 | _aВ надзаг.: Ин-т востоковедения Рос. акад. наук. Ин-т воен. истории И-ва обороны РФ, Регион. обществ. орг.<Первое Марта> | ||
| 606 | 0 |
_aКорейская война _jСъезды, совещания и т.п. _z1950 - 1953 _92165949 _3RU\NLR\auth\661303233 |
|
| 610 | 0 | _aВойна в Корее 1950-1953 гг. | |
| 610 | 0 | _aМеждународные отношения - История | |
| 610 | 0 | _aКорея, история войн | |
| 675 |
_a355.48(519)<19>(082) _v3 _zrus |
||
| 686 |
_a63.3(5) _2rubbk |
||
| 686 | _aЦ35(0)631.6 | ||
| 702 | 1 |
_aВанин _bЮ. В. _gЮрий Васильевич _4340 |
|
| 801 | 0 |
_aRU _bRKP _c20020806 _gPSBO |
|
| 801 | 1 |
_aRU _bRKP _c20020806 |
|
| 801 | 2 |
_aRU _bNLR _c20020916 _grcr |
|
| 942 | _cBOOK | ||
| 980 | _aNB | ||